00634nam a22002057a 4500020001800000082001500018100001600033245005100049250000900100260004400109300001000153650003400163650003500197650002500232650001600257700002400273942000700297999001900304952010500323 a9788130008844 aM08bSHA/S aShakespeare aShakespeare sampoornakathakal/cby Shakespeare a6th. aKozhikode:bPoorna Publications,c2025. a304p. aCollection Stories Malayalam  aCollection Shakespeare Stories aLiterature Malayalam aLiterature  aMoosakkutty N (tr.) cBK c181935d181935 00104070aSSUSbSSUScSTACKSd2026-06-02g395.00l0oM08 SHA/Sp109100r2026-06-02w2026-06-02yBK